Random questions -Genshin Impact #3 - Statistics

General Stats
  • This quiz has been taken 34 times
  • The average score is 8 of 10
Answer Stats
Hint Answer % Correct
Which traveller is often called the "real"/"cannon" traveller by fans? Aether
97%
Childe/Tartaglia's weapon type? Bow
93%
Relationship between the two travellers Twins / Siblings
93%
Which is the most least common vision type[V6.5] Dendro
90%
Which region is has Starsnatch cliff? Mondstadt
90%
Is Genshin Impact is playable world-wide? Yes
90%
Who uses a gun? Multiple answer: Clorinde, Chevruse, Navia, Ifa, Fatui
87%
Hyposelenia, Kuutar, The Damselette, Who has used/using these aliases? Columbina
80%
Any flower found in Liyue Multiple answer: Silk Flowers, Glaze Lilies, Qingxin, Violetgrass
60%
Character's normal, skill, ult and passive _____s Talent
53%
No matching quizzes found
Score Distribution
Percent of People with Each Score
Percentile by Number Answered
Your Score History
You have not taken this quiz